• 首页
  • 本馆介绍
  • 公告通知
  • 最新文献
  • 馆藏检索
  • 电子资源
  • 读者导购
  • 参考咨询
  • 我的图书馆
  • 登录
  • 详细信息显示
  • 放入我的书架
  • 预约/预借图书
  • 作者相关作品
  • 分类相关作品
  • 丛书相关作品
  • 出版社相关作品

书目信息

  • 表格格式
  • 工作单格式
  • 卡片格式
题名:
教育教学理论与现代教育技术
    
 
作者: 潘丽平 , 阮学 , 顾燕萍 著
分册:  
出版信息: 长春   吉林人民出版社  2021.04
页数: 292页
开本: 24cm
丛书名:
单 册:
中图分类: G40 , G40-057
科图分类:
主题词: 教育理论--理论研究 , 教育技术学--研究
电子资源:
ISBN: 978-7-206-17417-9
000 00921nam0 2200277 450
001 012001000325
005 20141201132823.0
010    @a978-7-206-17417-9@dCNY50.00
100    @a20220905d2020 em y0chiy50 ea
101 0  @achi
102    @aCN@b220000
105    @ay z 000yy
106    @ar
200 1  @a教育教学理论与现代教育技术@Ajiao yu jiao xue li lun yu xian dai jiao yu ji shu@f潘丽平,阮学,顾燕萍著
210    @a长春@c吉林人民出版社@d2021.04
215    @a292页@d24cm
330    @a本书共八章,包括教学过程与教学原则、教学形式与教学规律、教学设计与教学艺术、教学模式与教学策略、现代教育技术等内容。
606 0  @a教育理论@x理论研究
606 0  @a教育技术学@x研究
690    @aG40@v5
690    @aG40-057@v5
701  0 @a潘丽平@Apan li ping@4著
701  0 @a阮学@Aruan xue@c(高等教育学)@4著
701  0 @a顾燕萍@Agu yan ping@4著
801  0 @aCN@bAHXH@c20221111
905    @b1369160-4@dG40@e1304@f5
    
    教育教学理论与现代教育技术/潘丽平,阮学,顾燕萍著.-长春:吉林人民出版社,2021.04
    292页;24cm
    
    
    ISBN 978-7-206-17417-9:CNY50.00
    本书共八章,包括教学过程与教学原则、教学形式与教学规律、教学设计与教学艺术、教学模式与教学策略、现代教育技术等内容。
●
相关链接 在E读中查询图书 在五车中查询图书 在当当中查询图书 在豆瓣中查询图书


正题名:教育教学理论与现代教育技术     索取号:G40/1304         预约/预借

序号 登录号 条形码 馆藏地/架位号 状态 备注
1 1369160   213691600   第一样本阅览室/ [索取号:G40/1304] 在馆    
2 1369161   213691619   教育系资料室/ [索取号:G40/1304] 在馆    
3 1369162   213691628   教育系资料室/ [索取号:G40/1304] 在馆    
4 1369163   213691637   第四借阅区/ [索取号:G40/1304] 在馆    
5 1369164   213691646   第四借阅区/ [索取号:G40/1304] 在馆    
唐山师范学院图书馆 欢迎您!
大连网信软件有限公司© 版权所有